000 00715nam a2200229Ia 4500
003 GCL
008 140319s9999 xx 000 0 ara d
040 _aGCL /
_cGCL
082 0 4 _a813.01
_bا م
100 1 _aحنا مينة
245 1 0 _aمختارات من القصص القصيرة فى 18 بلدا عربيا /
_cحنا مينة
700 1 _aالطيب صالح
700 1 _aالطاهر وطار
700 1 _aاحمد الفقيه
700 1 _aاملى نصرالله
300 _a379 ص
490 _aالهيئة العامة للاستعلامات
_v0
650 0 4 _aالادب العربى
650 0 4 _aالادب
650 0 4 _aالقصص العربية القصيرة
942 _2ddc
_cBK
999 _c48057
_d48057